Statistics for Boulevard of Broken Dreams Lyrics

Click here to take the quiz!

General Stats

  • This quiz has been taken 4,146 times
  • The average score is 36 of 41

Answer Stats

Hint Answer % Correct
The ____ one I have ever knownOnly
99%
I walk a _______ roadLonely
98%
Don't know _____ it goesWhere
98%
On this Boulevard of ______ DreamsBroken
98%
And I'm the only one and I walk _____Alone
98%
I ____ aloneWalk
98%
I walk this _____ streetEmpty
94%
My _______ the only one that walks beside meShadow's
93%
My shallow heart's the only thing that's _______Beating
91%
Sometimes I wish _______ up there will find meSomeone
91%
On the __________ of Broken DreamsBoulevard
91%
My shadow's the only one that _____ beside meWalks
90%
My shadows the only one that walks ______ meBeside
90%
Sometimes I ____ someone up there will find meWish
89%
And I'm the only ___ and I walk a...One
89%
Read between the _____Lines
89%
My _______ heart's the only thing that's beatingShallow
88%
_________ I wish someone up there will find meSometimes
88%
I walk this empty ______Street
88%
My shallow ______ the only thing that's beatingHeart's
88%
When the ____ sleepsCity
86%
To know I'm still _____ and I walk aloneAlive
84%
'___ then I walk alone...Til
84%
Check my _____ signsVital
82%
I'm walking ____ the lineDown
80%
What's f*cked up and ___________ alrightEverything's
76%
On the ______ lineBorder
68%
That _______ me somewhere in my mindDivides
55%
But it's ____ to me and I walk aloneHome
55%
Of the ____ and I walk aloneEdge
53%

Score Distribution

Percentile by Number Answered

Percent of People with Each Score

Your Score History

You have not taken this quiz